000 00350nam a22001337a 4500
020 _a9788176222433
082 _a637.
_bGAR/HA
100 _aGarg,Sudhi Ranjan
_91145
100 _aJadhav,Vijay J.
_91146
245 _aHandbook of Quality Control of Dairy and Meat Products
260 _aNew Delhi
_bBiotech Books
_c2012
300 _a188
942 _cBK
999 _c14655
_d14655